[Event "POL-chT3 Pomorskie"]
[Site "Poland"]
[Date "2013.04.07"]
[Round "6.7"]
[White "Zienowicz, Jozef"]
[Black "Wyczling, Artur"]
[Result "0-1"]
[WhiteElo "1542"]
[BlackElo "1571"]
[PlyCount "94"]
[EventDate "2013.01.13"]
[EventType "team-tourn"]
[EventRounds "9"]
[EventCountry "POL"]
[SourceTitle "EXT 2019"]
[Source "ChessBase"]
[SourceDate "2018.10.10"]
[SourceVersion "1"]
[SourceVersionDate "2018.10.10"]
[SourceQuality "1"]
[WhiteTeam "Gdansk Gedania II"]
[BlackTeam "Tzcew Skoczek"]
[WhiteTeamCountry "POL"]
[BlackTeamCountry "POL"]

1. d4 Nf6 2. c4 e6 3. Bg5 Be7 4. g3 d5 5. c5 0-0 6. Bg2 b6 7. cxb6 cxb6 8. Nd2 Nbd7 9. Ngf3 h6 10. Bxf6 Nxf6 11. 0-0 Bb7 12. h4 Rc8 13. Nb3 Qc7 14. Qd2 Ne4 15. Qd3 Bd6 16. Rac1 Qb8 17. Nfd2 f5 18. Nxe4 dxe4 19. Qb5 Rcd8 20. e3 e5 21. Rc2 Bc7 22. Qc4+ Rf7 23. Rfc1 Bd5 24. Qb5 f4 25. dxe5 fxg3 26. Nd4 gxf2+ 27. Kf1 Bxe5 28. Nc6 Bxc6 29. Rxc6 Bf6 30. Qa6 Qh2 31. Rc8 Qg1+ 32. Ke2 Qxg2 33. Rxd8+ Bxd8 34. Rf1 Qf3+ 35. Kd2 Rd7+ 36. Kc2 Qxe3 37. a3 Qd3+ 38. Qxd3 exd3+ 39. Kd2 Bxh4 40. a4 Re7 41. a5 Re1 42. axb6 axb6 43. b4 Rxf1 44. b5 Rb1 45. Kxd3 Re1 46. Kd2 f1Q 47. Kc3 Bf6+ 0-1

[Event "Gdansk op 14th"]
[Site "Gdansk"]
[Date "2012.07.27"]
[Round "7"]
[White "Grota, Mateusz"]
[Black "Wyczling, Artur"]
[Result "1/2-1/2"]
[WhiteElo "1815"]
[BlackElo "1499"]
[PlyCount "48"]
[EventDate "2012.07.22"]
[EventType "swiss"]
[EventRounds "9"]
[EventCountry "POL"]
[SourceTitle "CBM 149 Extra"]
[Source "ChessBase"]
[SourceDate "2012.08.24"]
[SourceVersion "1"]
[SourceVersionDate "2012.08.24"]
[SourceQuality "1"]

1. e4 e6 2. d4 d5 3. Nd2 Nf6 4. e5 Nfd7 5. Bd3 c5 6. c3 Nc6 7. Ne2 Qb6 8. Nf3 cxd4 9. cxd4 f6 10. exf6 Nxf6 11. 0-0 Bd6 12. Bf4 Bxf4 13. Nxf4 0-0 14. Re1 Re8 15. Ng5 Bd7 16. Ngxe6 Bxe6 17. Nxe6 Nxd4 18. Nf4 Rxe1+ 19. Qxe1 Re8 20. Qd2 Ne4 21. Qe3 Nf6 22. Qd2 Ne6 23. Nxe6 Qxe6 24. h3 Ne4 1/2-1/2

[Event "Gdansk op 14th"]
[Site "Gdansk"]
[Date "2012.07.25"]
[Round "5"]
[White "Pofelski, Andrzej"]
[Black "Wyczling, Artur"]
[Result "1-0"]
[WhiteElo "1842"]
[BlackElo "1499"]
[PlyCount "99"]
[EventDate "2012.07.22"]
[EventType "swiss"]
[EventRounds "9"]
[EventCountry "POL"]
[SourceTitle "CBM 149 Extra"]
[Source "ChessBase"]
[SourceDate "2012.08.24"]
[SourceVersion "1"]
[SourceVersionDate "2012.08.24"]
[SourceQuality "1"]

1. Nf3 Nf6 2. c4 e6 3. d4 b6 4. g3 Bb7 5. Bg2 Bb4+ 6. Bd2 Bxd2+ 7. Nbxd2 0-0 8. 0-0 d5 9. Ne5 Nbd7 10. Nxd7 Nxd7 11. e3 Qe7 12. a3 a5 13. Rc1 c5 14. cxd5 exd5 15. Re1 Nf6 16. dxc5 bxc5 17. Qc2 Rfc8 18. e4 dxe4 19. Nxe4 Nxe4 20. Bxe4 Bxe4 21. Rxe4 Qb7 22. Rc4 g6 23. b4 axb4 24. axb4 Rab8 25. bxc5 Rc6 26. Qc3 Rbc8 27. h4 Qe7 28. Re1 Qf8 29. Rc1 Qe7 30. Qe3 Re6 31. Qc3 Rec6 32. h5 Qg5 33. hxg6 hxg6 34. Rh4 Qf6 35. Qxf6 Rxf6 36. Rhc4 Rfc6 37. f4 Kg7 38. Kf2 f5 39. Kf3 Rd8 40. Re1 Rd5 41. Re5 Rd3+ 42. Kf2 Kf6 43. Re3 Rd5 44. Rec3 Rd2+ 45. Kf3 g5 46. fxg5+ Kxg5 47. g4 Rd5 48. gxf5 Kxf5 49. Rh4 Ke5 50. Re3+ 1-0